00496nam a2200181 a 4500001001300000003000900013005001700022008004100039020001200080082001600092100002900108245005400137260004800191300000900239500003500248505001000283650002100293nice12345678IN_TiNIC20260116013548.0050524s1911 lona grp 000 0 eng  ac260.700a297.4bARA2 aArabi, Ibn Al Muhyi`ddin aTarjuman Al-Ashwaqb Collection of Mystical Odes. aLondonbTheosophical Publishing Housec1911 a155p aincludes index and biblioraphy2 aIndex aSufism-Ibn Arabi